000 01114pam a2200325 a 4500
001 4752568
003 OSt
005 20140310184416.0
008 850416s1985 nyu j 000 1 eng
010 _a 85040382
020 _a0590428837
040 _aDLC
_cDLC
_dDLC
042 _alcac
050 0 0 _aPZ 7
_b.D3584Si 1985
100 1 _aDeClements, Barthe.
_926398
245 1 0 _aSixth grade can really kill you :
_cBarthe DeClements.
_b...but only if you let it! /
260 _aNew York, N.Y., U.S.A. :
_bScholastics
_c1985
300 _a146 p. ;
_c22 cm.
520 _aHelen fears that lack of improvement in her reading may leave her stuck in the sixth grade forever, until a good teacher recognizes her reading problem.
526 _c700
650 1 _aSchools
_xFiction.
_926399
650 1 _aReading
_xFiction.
_926400
650 1 _aDyslexia
_xFiction.
_926401
650 1 _aTeacher-student relationships
_xFiction.
_926402
740 0 _aSixth grade can really kill you.
906 _a7
_bcbc
_corignew
_d1
_eocip
_f19
_gy-gencatlg
942 _2lcc
_cBK-SCHOLAS
999 _c34158
_d34158